Missing Word: Charles the First Quiz Stats

Quiz Updated Nov 1, 2017

Challenge
Share
Tweet
Embed
Score 0/20 Timer 03:00
0 Plays Today
Clue Word % Correct
_____ Poets SocietyDead
97%
_____ Red Riding HoodLittle
95.9%
_____ SkelterHelter
95.1%
_____ Your EnthusiasmCurb
94.3%
_____ Day AfternoonDog
93.5%
_____ WishDeath
90.5%
_____ on the BountyMutiny
89.8%
_____ Can WaitHeaven
88.9%
_____ are ForeverDiamonds
87.7%
_____ On My MindGeorgia
84.1%
Clue Word % Correct
_____ of St. LouisSpirit
83%
_____ SelectionNatural
80%
_____ MountainCold
69.1%
_____ HouseBleak
60.5%
_____ Gets the WormBird
56.7%
_____ XProfessor
55.7%
_____ TimesModern
48%
_____ Park in the DarkCentral
34%
_____ StreetCoronation
31.5%
_____ LannisterTywin
26.6%

Today's Daily Dose

You're not logged in!

Compare scores with friends on all Sporcle quizzes.
Join for Free
OR
Log In

You Might Also Like...

Show Comments

Extras

Top Quizzes Today


Score Distribution

Your Account Isn't Verified!

In order to create a playlist on Sporcle, you need to verify the email address you used during registration. Go to your Sporcle Settings to finish the process.

Report this User

Report this user for behavior that violates our Community Guidelines.

Details: